| 000 | 00806naa a22002297i 4500 | ||
|---|---|---|---|
| 001 | 195462 | ||
| 003 | ES-MaBCM | ||
| 005 | 20230301074004.0 | ||
| 008 | 140117b2013 sp ||||| |||| 00| 0 spa d | ||
| 021 | _axx | ||
| 035 | _a(OCoLC)1365271868 | ||
| 040 | _cES-MaBCM | ||
| 100 | _aPérez Pérez, Juan José | ||
| 245 |
_aNed Natura 2000 _b: margen de la importancia comunitaria de los lugares y situación actual de la Gipuzkoa _cJuan José Pérez Pérez |
||
| 650 | 2 | 7 |
_aProtección de la flora _959956 |
| 650 | 2 | 7 |
_aMedio natural _959383 |
| 651 | 4 |
_aPaíses de la Unión Europea _9115358 |
|
| 651 | 4 | _aGuipúzcoa | |
| 650 | 2 | 7 |
_aProtección de la fauna _959952 |
| 773 | 0 |
_aEn _dOñati _gN. 97 (sept.-dic. 2013), p. 379-420 _tRevista vasca de administración pública _w104664 |
|
| 942 |
_2udc _cAREV |
||
| 999 |
_c195462 _d195462 |
||